Sports Quiz

Random Sports or Rugby Quiz

Fiji Rugby World Cup squads Quiz Stats

 Plays Quiz not verified by Sporcle

Challenge
Share
Tweet
Embed
Score 0/161 Timer 10:00
0 Plays Today
% Correct
Nicky Little
87.5%
Nicky Little
87.5%
Nicky Little
87.5%
Nicky Little
87.5%
Lawrence Little
85.4%
Nemani Nadolo
73.8%
Rupeni Caucaunibuca
70.1%
Leone Nakarawa
66.3%
Akapusi Qera
65.3%
Akapusi Qera
65.3%
Akapusi Qera
65%
Niki Goneva
65%
Nikola Matawalu
58.8%
Seremaia Bai
57.6%
Seremaia Bai
57.6%
Waisale Serevi
55.6%
Waisale Serevi
55.6%
Niki Goneva
55.6%
Josh Matavesi
53.8%
Ben Volavola
53.8%
Seru Rabeni
52.1%
Seru Rabeni
52.1%
Leone Nakarawa
50.7%
Mosese Rauluni
47.2%
Mosese Rauluni
47.2%
Mosese Rauluni
47.2%
Napolioni Nalaga
47.2%
Jacob Rauluni
46.5%
Jacob Rauluni
46.5%
Campese Ma'afu
46.3%
Sireli Bobo
45.8%
Campese Ma'afu
45.1%
Deacon Manu
44.4%
Vilimoni Delasau
43.8%
Vilimoni Delasau
43.8%
Sunia Koto
43.8%
Greg Smith
43.1%
Greg Smith
43.1%
Sisa Koyamaibole
41.7%
Sisa Koyamaibole
41.7%
Sisa Koyamaibole
41.7%
Tevita Cavubati
41.3%
Waisea Nayacalevu
41.3%
Asaeli Tikoirotuma
38.8%
Sunia Koto
37.5%
Sunia Koto
37.5%
Timoci Nagusa
36.5%
Manasa Saulo
35%
Kameli Ratuvou
33.3%
Levani Botia
32.5%
Netani Talei
31.9%
Netani Talei
31.9%
Marika Vunibaka
31.3%
Marika Vunibaka
31.3%
% Correct
Peceli Yato
31.3%
Kini Murimurivalu
31.3%
Manu Tiko
30.6%
Metuisela Talebula
30%
Gabirieli Lovobalavu
29.2%
Gabirieli Lovobalavu
29.2%
Netani Talei
28.8%
Gabiriele Lovobalavu
28.8%
Kini Murimurivalu
28.5%
Api Ratuniyarawa
27.5%
Jone Qovu
27.1%
Norman Ligairi
26.4%
Norman Ligairi
26.4%
Albert Vulivuli
26.4%
Michael Tagicakibau
26.4%
Nemia Kenatale
26.4%
Dominiko Waqaniburotu
26.3%
Masi Matadigo
25.7%
Brad Johnstone
24.3%
Isa Nacewa
24.3%
Masi Matadigo
23.8%
Nemia Kenatale
23.8%
Dominiko Waqaniburotu
23.6%
Peni Ravai
21.3%
Simon Raiwalui
20.1%
Aisea Tuilevu
19.4%
Viliame Satala
18.8%
Graham Dewes
18.8%
Talemaitoga Tuapati
18.1%
Henry Seniloli
17.5%
Joeli Veitayaki
17.4%
Alifereti Doviverata
17.4%
Alifereti Doviverata
17.4%
Joeli Veitayaki
17.4%
Semisi Naevo
17.4%
Ifereimi Tawake
16.7%
Seta Tawake
16.7%
Apenisa Naevo
16.7%
Apenisa Naevo
16.7%
Iferemi Rawaqa
16.7%
Maleli Kunavore
16.7%
Talemaitoga Tuapati
16.3%
Ilie Tabua
16%
Ifereimi Rawaqa
16%
Ilie Tabua
16%
Viliame Veikoso
16%
Dan Rouse
15.3%
Kitione Salawa
15.3%
Viliame Veikoso
15%
John McKee
15%
Wame Lewaravu
14.6%
Wame Lewaravu
14.6%
Samu Domoni
14.6%
Alfie Uluinayau
13.9%
% Correct
Kele Leawere
13.9%
Alfie Uluinayau
13.9%
Kele Leawere
13.9%
Nemia Soqeta
13.8%
Koli Sewabu
13.2%
Fero Lasagavibau
13.2%
Alfi Mocelutu
13.2%
Koli Sewabu
13.2%
Alfi Mocelutu
13.2%
Waisea Luveniyali
13.2%
Waisea Luveniyali
13.2%
Bill Gadolo
12.5%
Bill Gadolo
12.5%
Taniela Koroi
12.2%
Emori Katalau
11.8%
Emori Katalau
11.8%
Isoa Neivua
11.8%
Alefoso Yalayalatabua
11.8%
Vitori Buatava
11.8%
Lee-Roy Atalifo
11.3%
Mac McCallion
11.1%
Isaia Rasila
10.4%
Isaia Rasila
10.4%
Richard Nyholt
10.4%
Setefano Somoca
10.4%
Malakai Ravulo
10.4%
Seko Kalou
10.4%
Manasa Bari
9.7%
Epeli Ruivadra
9.7%
Isoa Domolailai
9.7%
Iliesa Keresoni
9.7%
Tabai Matson
9%
Henry Qiodravu
8.3%
Filimone Bolavucu
8.3%
Rupeni Nasiga
8.3%
Vula Maimuri
7.6%
Naka Seru
7.6%
Jone Daunivucu
7.6%
Aca Ratuva
7.6%
Malakai Ravulo
7.5%
Waisea Nailago
6.3%
Ravai Fatiaki
6.3%
Isei Colati
6.3%
Waisake Sotutu
5.6%
Niko Qoro
4.2%
Inoke Male
4.2%
Sami Rabaka
4.2%
Jone Railomo
4.2%
Meli Nakauta
3.5%
Epeli Naituivau
3.5%
Vereniki Sauturaga
3.5%
Saimoni Rokini
0%
Seta Tawake
0%

You're not logged in!

Compare scores with friends on all Sporcle quizzes.
Join for Free
OR
Log In

You Might Also Like...

Show Comments

Extras

Created Oct 23, 2011ReportNominate
Tags:Rugby Quiz, World Quiz, cup, fiji, squad

Top Quizzes Today


Score Distribution

Your Account Isn't Verified!

In order to create a playlist on Sporcle, you need to verify the email address you used during registration. Go to your Sporcle Settings to finish the process.

Report this User

Report this user for behavior that violates our Community Guidelines.

Details: